Invernada 93 : cuaderno de actulización técnica nº 52 /

Guardado en:
Autor Principal: Torroba, Juan Pedro
Formato: Libro
Publicado: Buenos Aires : Crea, 1993
Materias:
Etiquetas: Agregar Etiqueta
Sin Etiquetas, Sea el primero en etiquetar este registro!
LEADER 00772nam a22001695a 4500
001 CEM.cems016818
005 20111110122542.0
008 130507s1993##################000#0#####d
003 CEMS
082 0 4 |a 636.085 
100 1 |a Torroba, Juan Pedro 
245 1 0 |a Invernada 93 :  |b cuaderno de actulización técnica nº 52 /  |c Juan Pedro Torroba 
260 |a Buenos Aires :  |b Crea,  |c 1993 
300 |a 96 p. 
505 0 |a Hacia una invernada eficiente y rentable -- Controles del sistema -- Evaluación de los recursos -- El sistema de invernada, como entrar y salir -- Factores de la producción para hacer eficiente el sistema -- Carga animal -- Campos de invernada -- Capitalización de novillos 
653 |a Invernada 
859 |a CEMS  |b BIB. CEMS - Agricultura  |h 636.085  |i T637  |p A18245.95  |t Ej.1